Biotecnología : Tras los primeros pasos.
Guardado en:
| Formato: | |
|---|---|
| Materias: | |
| Etiquetas: |
Agregar Etiqueta
Sin Etiquetas, Sea el primero en etiquetar este registro!
|
| LEADER | 00914ngm a22002175g 4500 | ||
|---|---|---|---|
| 001 | CEM.cems022822 | ||
| 008 | 130507b2007##################0###0#####d | ||
| 005 | 20241122133820.0 | ||
| 245 | 0 | 0 | |a Biotecnología : |b Tras los primeros pasos. |
| 300 | |a 50'. | ||
| 500 | |a En soporte VHS, consultar en ventanilla. | ||
| 505 | 0 | |a Biotecnología: significado y alcances. Antecedentes históricos. La producción de alimentos. Ingeniería genética: su aplicación en los cultivos, en los alimentos y en la salud. Alimentos transgénicos. Mitos y verdades. | |
| 538 | |a Soporte: VHS - Norma: Pal N - Color: Si - Grabación DRD 2007 - Hitachi=2430 | ||
| 082 | 6 | 1 | |/ CUE |
| 653 | |a BIOTECNOLOGIA | ||
| 653 | |a TRANSGENICO | ||
| 653 | |a ALIMENTOS TRANSGENICOS | ||
| 653 | |a INGENIERIA GENETICA | ||
| 653 | |a NIVEL PRIMARIO | ||
| 653 | |a NIVEL SECUNDARIO | ||
| 859 | |a CEMS |b BIB. CEMS - Depto. Recursos Didacticos |h 612 |i CUE |k DRD |p 1465.12 |t Ej.1 | ||
